logo

Bir Sreshtho Munshi Abdur Rouf Library
Jhenaidah Cadet College

Fundamentals of optics / (Record no. 8838)

MARC details
000 -LEADER
fixed length control field 00840nam a2200277 a 4500
001 - CONTROL NUMBER
JCCL Control Number 8838
003 - CONTROL NUMBER IDENTIFIER
JCCL marc code BD-JhCC
005 - DATE AND TIME OF LATEST TRANSACTION
control field 20180529143546.0
008 - FIXED-LENGTH DATA ELEMENTS--GENERAL INFORMATION
fixed length control field 180304s1957 nyua 001 0 eng d
035 ## - SYSTEM CONTROL NUMBER
system control number (BD-JhCC)8838
040 ## - CATALOGING SOURCE
Original cataloging agency BD-JhCC
Transcribing agency DLC
Modifying agency BD-JhCC
041 ## - LANGUAGE CODE
Language code of Book eng
050 00 - LIBRARY OF CONGRESS CALL NUMBER
Classification number QC355
Item number .J4 1957
082 00 - DEWEY DECIMAL CLASSIFICATION NUMBER
Classification number 535
Author mark and Year JEN 1957
100 1# - MAIN ENTRY--PERSONAL NAME
Personal name Jenkins, Francis A.
Fuller form of name (Francis Arthur),
Dates associated with a name 1899-1960.
245 00 - TITLE STATEMENT
Title Fundamentals of optics /
Statement of responsibility, etc [by] Francis A. Jenkins [and] Harvey E. White.
250 ## - EDITION STATEMENT
Edition statement 3d ed.
260 ## - PUBLICATION, DISTRIBUTION, ETC. (IMPRINT)
Place of publication, distribution, etc New York,
Name of publisher, distributor, etc McGraw-Hill,
Date of publication, distribution, etc 1957.
300 ## - PHYSICAL DESCRIPTION
Pagination 746 p.
Other physical details illus.
Dimensions 24 cm.
500 ## - GENERAL NOTE
General note First ed. published in 1937 under title: Fundamentals of physical optics.
504 ## - BIBLIOGRAPHY, ETC. NOTE
Bibliography, etc Includes Index
650 #0 - SUBJECT ADDED ENTRY--TOPICAL TERM
Topical term or geographic name as entry element Optics.
700 1# - ADDED ENTRY--PERSONAL NAME
Personal name White, Harvey Elliott,
Dates associated with a name 1902-
942 ## - ADDED ENTRY ELEMENTS (KOHA)
Source of classification or shelving scheme Dewey Decimal Classification
Koha item type Books
Holdings
Source of classification or shelving scheme Damaged status Not for loan Home library Current library Shelving location Total Checkouts Full call number Barcode Date last seen Date checked out Copy number Koha item type
Dewey Decimal Classification     JCC Rouf Library JCC Rouf Library General Stacks 1 535 JEN 1957 11631 09/16/2019 09/05/2019 C - 1 Books

JCC Library | Contacts | JCC Home

Last Update on 23 September 2017
Copyright @ 2017-2020 JCC Rouf Library
Rouf Library, Jhenidah Cadet College (JCC), Bangladesh